[Event "Campeonato de Aragón por Equipos 2008 "]
[Site "Aragón"]
[Date "2008.02.16"]
[Round "3.59"]
[White "Garcia Andres Daniel"]
[Black "Gil David"]
[Result "1-0"]
[WhiteElo "2017"]
[BlackElo "1936"]

1.e4 c5 2.Nf3 g6 3.c3 d5 4.e5 Nc6 5.d4 Bg7 6.Bb5 Qb6 7.Na3 cxd4 8.cxd4 Bg4 9.
O-O Nh6 10.Bxh6 Bxh6 11.h3 Bf5 12.g4 Bd7 13.Bxc6 bxc6 14.Qd3 O-O 15.Qc3 Rab8
16.Rab1 f6 17.Rfe1 Rbe8 18.Nc2 Bc8 19.Nb4 Bb7 20.Nd3 Bc8 21.Nc5 Qc7 22.b4 Bg7
23.Nd3 Ba6 24.b5 Bb7 25.Rec1 Bh6 26.bxc6 Bc8 27.Re1 fxe5 28.Ndxe5 Rf4 29.Qc5
Be6 30.Rb7 Qd6 31.c7 Bc8 32.Rb8 Ref8 33.Nc6 Qxc5 34.dxc5 Rxf3 35.Nxe7+ Kg7 36.
Rxc8 R8f7 37.Rg8+ 1-0

[Event "Campeonato de Aragón por Equipos 2008 "]
[Site "Aragón"]
[Date "2008.02.16"]
[Round "3.60"]
[White "Pache Marconell Juan Manuel"]
[Black "Lafarga Bueno Daniel"]
[Result "1-0"]
[WhiteElo "1510"]
[BlackElo "1816"]

1.d4 Nf6 2.c4 e6 3.a3 d5 4.Nf3 Be7 5.e3 O-O 6.Bd3 b6 7.b3 Bb7 8.Nbd2 c5 9.Bb2
Nbd7 10.Qe2 cxd4 11.exd4 Rc8 12.O-O Re8 13.Ne5 Nf8 14.Ndf3 Ng6 15.Nxf7 Nf4 16.
Nxd8 Nxe2+ 17.Bxe2 Rcxd8 18.Ne5 Ne4 19.Rfd1 Rc8 20.f3 Nd6 21.Rac1 Nf5 22.Bd3
Bg5 23.Ra1 Ne3 24.Re1 Ba6 25.Bc1 dxc4 26.bxc4 1-0

[Event "Campeonato de Aragón por Equipos 2008 "]
[Site "Aragón"]
[Date "2008.02.16"]
[Round "3.61"]
[White "Horton Justin"]
[Black "Navarro Alonso Jorge Luis"]
[Result "0-1"]
[WhiteElo "2147"]
[BlackElo "2136"]

1.d4 d5 2.Nf3 Nf6 3.c4 c6 4.Nc3 e6 5.Bg5 dxc4 6.e4 b5 7.e5 h6 8.Bh4 g5 9.Nxg5
hxg5 10.Bxg5 Nbd7 11.g3 Qb6 12.exf6 Bb7 13.Bg2 c5 14.d5 O-O-O 15.O-O b4 16.Rb1
Qa6 17.Re1 Bd6 18.dxe6 Ne5 19.Ne4 Bxe4 20.Bxe4 Bc7 21.e7 Rxd1 22.Rbxd1 Qe6 23.
Bg2 Qf5 24.f4 c3 25.bxc3 bxc3 26.h4 c2 27.Rd5 Qg4 28.fxe5 Qxg3 29.Rc1 Qc3 30.
Rd2 Bxe5 31.Rdxc2 Qd4+ 32.Kh1 Rxh4+ 33.Bxh4 Qxh4+ 34.Kg1 Bd4+ 35.Kf1 Qxf6+ 36.
Ke2 Qxe7+ 37.Kd3 Qg5 {t} 0-1

[Event "Campeonato de Aragón por Equipos 2008 "]
[Site "Aragón"]
[Date "2008.02.16"]
[Round "3.62"]
[White "Jaques Burguete Raul"]
[Black "Abos Rosico Antonio"]
[Result "0-1"]
[WhiteElo "2127"]
[BlackElo "2043"]

1.e4 d6 2.d4 Nf6 3.Bd3 e5 4.c3 Nc6 5.d5 Ne7 6.Bg5 Ng6 7.Nf3 Be7 8.Nbd2 O-O 9.
h3 c6 10.Bxf6 Bxf6 11.g3 h5 12.Qc2 h4 13.O-O-O Bg5 14.Kb1 Bxd2 15.Qxd2 hxg3
16.fxg3 f5 17.dxc6 d5 18.cxb7 Bxb7 19.exf5 e4 20.fxg6 exf3 21.Rhf1 Qf6 22.Qf2
Bc6 23.g4 Rab8 24.Bf5 Bb5 25.Bd3 a5 26.Qd4 Qc6 27.Rf2 Rbe8 28.Bxb5 Qxb5 29.
Qxd5+ Qxd5 30.Rxd5 Re2 31.Rd2 Rxd2 32.Rxd2 f2 33.Rd1 f1=Q 34.Rxf1 Rxf1+ 35.Kc2
a4 36.b3 Rf2+ 37.Kb1 a3 38.c4 Rb2+ 39.Ka1 Rh2 40.b4 Rh1# 0-1

[Event "Campeonato de Aragón por Equipos 2008 "]
[Site "Aragón"]
[Date "2008.02.16"]
[Round "3.63"]
[White "Gonzalez Gambau Jorge"]
[Black "Garcia Fernandez Javier"]
[Result "1/2-1/2"]
[WhiteElo "2039"]
[BlackElo "2110"]

1.e4 c5 2.Nf3 Nc6 3.Nc3 g6 4.g3 Bg7 5.Bg2 d6 6.d3 e6 7.Be3 Qb6 8.Rb1 Nge7 9.
Qd2 Nd4 10.O-O Nec6 11.Nh4 Bf6 12.Nf3 O-O 13.Bh6 Re8 14.Nd1 Nxf3+ 15.Bxf3 Ne5
16.Bg2 c4 17.d4 Ng4 18.Qf4 e5 19.dxe5 Bxe5 20.Qd2 Nxh6 21.Qxh6 Bd4 22.Nc3 Be6
23.Qd2 Bc5 24.Nd5 Bxd5 25.Qxd5 Qc6 26.e5 Qxd5 27.Bxd5 Rxe5 28.Bxc4 Rc8 29.Bd3
a6 30.Rfe1 Rce8 31.Kf1 Kg7 32.f4 R5e6 33.Rxe6 fxe6 34.Re1 Kf6 35.Ke2 h6 36.Kf3
g5 37.fxg5+ Kxg5 38.Re4 Rf8+ 39.Rf4 Rxf4+ 40.gxf4+ Kh4 41.Be4 d5 42.Bg6 Bd6
43.Bf7 e5 44.fxe5 Bxe5 45.Bxd5 b6 46.b4 Bxh2 47.Bb7 a5 48.bxa5 bxa5 49.a4 Bg1
50.Bc8 h5 51.Bd7 Bc5 52.Bc8 Bd6 53.Kg2 Kg5 54.Kh3 h4 55.Bd7 Be7 56.Bc8 Kf4 57.
Bd7 Ke4 58.Be8 Kd4 59.Bb5 Kc3 60.Bd3 Kb2 61.Kg4 1/2-1/2

[Event "Campeonato de Aragón por Equipos 2008 "]
[Site "Aragón"]
[Date "2008.02.16"]
[Round "3.64"]
[White "Solanas Godes Beatriz"]
[Black "Yanez Acin Gonzalo"]
[Result "0-1"]
[WhiteElo "1792"]
[BlackElo "1932"]

1.e4 Nf6 2.e5 Nd5 3.d4 d6 4.c4 Nb6 5.Nf3 Bg4 6.Nbd2 dxe5 7.dxe5 Nc6 8.Qb3 e6
9.a3 Be7 10.h3 Bh5 11.Qd3 O-O 12.Qxd8 Rfxd8 13.Be2 Nd7 14.b3 Bxf3 15.Nxf3
Ndxe5 16.O-O Bf6 17.Nxe5 Nxe5 18.Rb1 c5 19.Be3 b6 20.Rfd1 Kf8 21.Kf1 Rac8 22.
Rd2 Rxd2 23.Bxd2 Nc6 24.Be3 Bd4 25.Bf4 e5 26.Bd2 f5 27.f3 Ke7 28.Bd3 Ke6 29.g4
g6 30.Ke2 Rc7 31.Bg5 Rf7 32.Bd2 Ne7 33.b4 Nc8 34.Rb3 Nd6 35.Be3 Rc7 36.b5 e4
37.gxf5+ Nxf5 38.Bxd4 Nxd4+ 39.Ke3 Nxb3 0-1

[Event "Campeonato de Aragón por Equipos 2008 "]
[Site "Aragón"]
[Date "2008.02.23"]
[Round "4.1"]
[White "Fontana Sotomayour Luis Javier"]
[Black "Baron Rodriguez Jesus"]
[Result "1/2-1/2"]
[WhiteElo "2332"]
[BlackElo "2421"]

1.e4 e5 2.Nf3 Nc6 3.Bb5 a6 4.Bxc6 dxc6 5.Nc3 f6 6.d4 exd4 7.Qxd4 Qxd4 8.Nxd4
Bd6 9.Be3 Nh6 10.f3 Nf7 11.O-O-O Bd7 12.Nb3 b6 13.Ne2 O-O-O 14.Nd2 c5 15.Nc4
Be7 16.Nf4 Rhe8 17.Nd5 Be6 18.Nxe7+ Rxe7 19.Rxd8+ Kxd8 20.Rd1+ Kc8 21.Nd2 Kb7
22.a3 Kc6 23.h4 a5 24.Bf4 Nd6 25.Nf1 f5 26.exf5 Nxf5 27.Re1 Re8 28.h5 Kd7 29.
c3 a4 30.Kd2 Nd6 31.Ne3 Bf7 32.h6 gxh6 33.Bxh6 Bg6 34.Bf4 Kc6 35.g4 Rf8 36.
Bxd6 cxd6 37.Ke2 d5 38.Rd1 Rd8 39.f4 Be4 40.Nc4 d4 41.cxd4 cxd4 42.Ne5+ Kd5
43.g5 Bf5 44.Rxd4+ Kxd4 45.Nc6+ Kc4 46.Nxd8 Kb3 47.Nf7 Kxb2 48.Nd6 Be6 49.f5
Bd5 50.Kd2 Kxa3 51.Kc3 Ka2 52.Kb4 Kb2 53.Kxa4 Kc3 54.Kb5 Kd4 55.Ne8 Ke5 56.g6
hxg6 57.fxg6 Kf5 58.g7 Kg6 59.Kxb6 Kf7 60.g8=Q+ 1/2-1/2

[Event "Campeonato de Aragón por Equipos 2008 "]
[Site "Aragón"]
[Date "2008.02.23"]
[Round "4.2"]
[White "Hefty Hilardo Jorge Walter"]
[Black "Antoli Royo Joaquin Miguel"]
[Result "0-1"]
[WhiteElo "2340"]
[BlackElo "2308"]

1.d4 d5 2.c4 c6 3.Nf3 Nf6 4.Nc3 g6 5.e3 Bg7 6.b4 O-O 7.Qb3 b6 8.Bb2 e6 9.Be2
c5 10.bxc5 bxc5 11.O-O Nc6 12.cxd5 exd5 13.Ba3 Rb8 14.Qa4 Bd7 15.Bb5 Nb4 16.
Bxd7 Nxd7 17.Bxb4 cxb4 18.Nxd5 Nc5 19.Qc6 Ne6 20.Rac1 Qa5 21.Ne7+ Kh8 22.d5
Nd8 23.Qc7 Qxc7 24.Rxc7 a5 25.e4 Bc3 26.Rb1 Rb6 27.e5 a4 28.Kf1 a3 29.Ke2 Bb2
30.Ra7 b3 31.axb3 Rb7 32.Ra4 Rxe7 33.Kd3 Nb7 34.b4 Rd8 35.Kc4 Rc7+ 36.Kb3 Rxd5
37.Re1 Kg7 38.e6 fxe6 39.Rxe6 Nd8 40.Re2 Nc6 41.h4 Nd4+ 42.Nxd4 Rxd4 43.g3
Rd3+ 44.Ka2 Rc1 0-1

[Event "Campeonato de Aragón por Equipos 2008 "]
[Site "Aragón"]
[Date "2008.02.23"]
[Round "4.3"]
[White "Cortes Lizano Jesus"]
[Black "Aguirre Izaguirre Pedro Jose"]
[Result "1-0"]
[WhiteElo "2247"]
[BlackElo "2272"]

1.c4 f5 2.Nf3 Nf6 3.Nc3 d6 4.g3 g6 5.d3 Bg7 6.Bg2 O-O 7.O-O e5 8.Rb1 Nc6 9.Bg5
h6 10.Bxf6 Bxf6 11.Nd2 Be6 12.Nd5 Bg7 13.b4 Qd7 14.b5 Nd8 15.Qa4 Kh7 16.Qa5
Bxd5 17.Bxd5 c6 18.Bg2 b6 19.bxc6 Nxc6 20.Bxc6 Qxc6 21.Qb5 Rfc8 22.Qxc6 Rxc6
23.Rb5 Re8 24.e4 h5 25.Re1 Rc5 26.a4 Rec8 27.f3 Bh6 28.Nb1 Rxb5 29.axb5 a6 30.
bxa6 Ra8 31.Na3 Bd2 32.Re2 Bb4 33.Nb5 Rxa6 34.exf5 gxf5 35.f4 exf4 36.gxf4 d5
37.cxd5 Ra5 38.Nc7 Bd6 39.Ne8 Bxf4 40.d6 Ra1+ 41.Kg2 Rd1 42.Rf2 Bxd6 43.Nxd6
Rxd3 44.Nxf5 Rd5 45.Nh4 Rb5 46.Rf6 Rb2+ 47.Kg3 Rb4 48.Nf5 Kg8 49.Rh6 Rg4+ 50.
Kh3 Rg5 51.Ng3 Rb5 52.Nxh5 Kf7 53.Nf4 Kg7 54.Rc6 Kf7 55.Kg4 Rb1 56.h4 b5 57.
Rb6 b4 58.Rb7+ Kg8 59.Kh5 b3 60.Nd3 Kf8 61.Rb4 Kg7 62.Nc5 b2 63.Na4 Rd1 64.
Nxb2 Rd5+ 65.Kg4 Rd2 66.Na4 Rd1 67.Nc3 Rg1+ 68.Kh5 Re1 69.Ne4 Kf7 70.Rb7+ Kg8
71.Kg6 Kf8 72.Ng5 Rc1 73.Rb8+ Ke7 74.Rb7+ Kf8 75.Ne6+ Ke8 76.h5 Rg1+ 77.Ng5
Re1 78.h6 Re6+ 79.Kg7 Re5 80.h7 1-0

[Event "Campeonato de Aragón por Equipos 2008 "]
[Site "Aragón"]
[Date "2008.02.23"]
[Round "4.4"]
[White "Forcen Esteban Daniel"]
[Black "Maza Broto Pablo"]
[Result "1-0"]
[WhiteElo "2138"]
[BlackElo "1923"]

1.e4 e6 2.d4 d5 3.Nc3 Bb4 4.e5 c5 5.a3 Ba5 6.b4 cxd4 7.Nb5 Bc7 8.f4 Nc6 9.Nf3
Nge7 10.Bd3 a6 11.Nxc7+ Qxc7 12.Bb2 Bd7 13.O-O Nf5 14.Bxf5 exf5 15.Nxd4 O-O
16.Kh1 Rac8 17.Nb3 Ne7 18.Rc1 Bb5 19.Rf3 Ng6 20.Nd4 Bd7 21.Qd3 Qc4 22.Qd2 Qc7
23.Nb3 b6 24.Bd4 Ba4 25.Qf2 Nxf4 26.Bxb6 Qc6 27.Na5 Qh6 28.Rxf4 Rxc2 29.Rxc2
Bxc2 30.Be3 g5 31.Rf3 Be4 32.Rg3 1-0

[Event "Campeonato de Aragón por Equipos 2008 "]
[Site "Aragón"]
[Date "2008.02.23"]
[Round "4.5"]
[White "Colas Longares Rafael P"]
[Black "Adla Diego Gustavo"]
[Result "0-1"]
[WhiteElo "2328"]
[BlackElo "2491"]

1.e4 c5 2.Nf3 e6 3.d4 cxd4 4.Nxd4 Nc6 5.Nc3 Qc7 6.Be3 a6 7.Bd3 Nf6 8.O-O Ne5
9.h3 Bc5 10.f4 d6 11.Qe2 Ng6 12.Nb3 Bxe3+ 13.Qxe3 b5 14.e5 dxe5 15.Bxg6 hxg6
16.fxe5 Nd7 17.Rxf7 Kxf7 18.Qf3+ Nf6 19.Qxa8 Qb6+ 20.Kf1 Rh5 21.Qxc8 Rf5+ 22.
Ke1 Rxe5+ 23.Kf1 Rf5+ 24.Ke2 Qf2+ 25.Kd3 Qg3+ 26.Kd2 Rf2+ 27.Kd1 Qxg2 28.Qc7+
Kg8 29.Qd8+ Kh7 30.Kc1 Rxc2+ 31.Kd1 Rxb2 32.Nd2 Qg1+ 33.Ke2 Qxa1 34.Ne4 Qg1
35.Qe7 Kh6 36.Kd3 Qe3+ 0-1

[Event "Campeonato de Aragón por Equipos 2008 "]
[Site "Aragón"]
[Date "2008.02.23"]
[Round "4.6"]
[White "Glavina Rossi Pablo"]
[Black "Trigo Conde Isaac"]
[Result "0-1"]
[WhiteElo "2459"]
[BlackElo "2238"]

1.d4 Nf6 2.c4 g6 3.f3 Bg7 4.e4 d6 5.Nc3 O-O 6.Be3 Nc6 7.Nge2 a6 8.Qc2 Bd7 9.
Rd1 b5 10.c5 b4 11.Na4 d5 12.e5 Ne8 13.Nf4 e6 14.Nd3 f6 15.f4 fxe5 16.dxe5 g5
17.g3 gxf4 18.gxf4 Bh6 19.Qg2+ Ng7 20.b3 Kh8 21.Qh3 Nf5 22.Bf2 Rg8 23.Be2 Qf8
24.Bg4 Nce7 25.c6 Bxc6 26.Nac5 d4 27.Rg1 Rg6 28.Nxb4 Bxf4 29.Nxc6 Nxc6 30.Nd3
Ne3 31.Bxe3 Bxe3 32.Rf1 Qa3 33.Rf7 Rh6 34.Qg2 Rg8 35.Kf1 Ne7 36.Nb2 Nd5 37.Nc4
Qc5 38.h3 a5 39.Qf3 Rhg6 40.Kg2 h5 41.Rh1 Bh6 42.Qe4 Ne3+ 43.Nxe3 dxe3 44.Kf3
hxg4+ 45.hxg4 R8g7 46.Qa8+ Kh7 47.Rf6 Qxe5 48.Rxh6+ Rxh6 0-1

[Event "Campeonato de Aragón por Equipos 2008 "]
[Site "Aragón"]
[Date "2008.02.23"]
[Round "4.7"]
[White "Garcia Vicente Nieves"]
[Black "Moreno Gracia Daniel"]
[Result "1/2-1/2"]
[WhiteElo "2219"]
[BlackElo "2188"]

1.d4 Nf6 2.Nf3 e6 3.Bg5 c5 4.c3 cxd4 5.cxd4 Qb6 6.Qb3 Qxb3 7.axb3 Ne4 8.Be3
Bb4+ 9.Nfd2 Nc6 10.Kd1 Nxd2 11.Nxd2 d5 12.Nf3 Bd7 13.Bd2 Bxd2 14.Kxd2 Rc8 15.
e3 a6 16.Be2 Ke7 17.Rhc1 f6 18.Ne1 Nb4 19.Nd3 Nxd3 1/2-1/2

[Event "Campeonato de Aragón por Equipos 2008 "]
[Site "Aragón"]
[Date "2008.02.23"]
[Round "4.8"]
[White "Gonzalvo Lara Victor"]
[Black "Cabrera Moreno Daniel"]
[Result "0-1"]
[WhiteElo "2155"]
[BlackElo "2184"]

1.e4 e5 2.Nf3 Nc6 3.Nc3 Nf6 4.d4 exd4 5.Nxd4 Bb4 6.Nxc6 bxc6 7.Bd3 d5 8.exd5
cxd5 9.O-O O-O 10.Bg5 c6 11.Qf3 Be7 12.Rfe1 Be6 13.h3 Rb8 14.Ne2 h6 15.Bc1 c5
16.c3 Rb6 17.Nf4 Bc8 18.Qe2 Bd6 19.Rb1 Re8 20.Qd1 Bb7 21.Rxe8+ Qxe8 22.Qe2 Qc6
23.Nh5 Bf8 24.Nxf6+ Qxf6 25.Bd2 Re6 26.Qg4 Bc8 27.Qf4 Qd8 28.Re1 Bd6 29.Qf3
Rxe1+ 30.Bxe1 Qg5 31.Qe3 Qxe3 32.fxe3 Be6 33.b3 f5 34.Kf2 Kf7 35.Kf3 g5 36.g4
Kf6 37.Bg3 Bxg3 38.Kxg3 fxg4 39.hxg4 Ke5 40.Kf3 Bf7 41.b4 cxb4 42.cxb4 d4 43.
a4 h5 44.exd4+ Kxd4 45.Ba6 Bd5+ 46.Kg3 h4+ 47.Kf2 Kc3 48.b5 Kb4 49.Bc8 Kxa4
50.Bd7 Kb4 51.Bc6 Kc5 52.Be8 Bc4 53.Bg6 Bxb5 54.Be4 Bc6 0-1

[Event "Campeonato de Aragón por Equipos 2008 "]
[Site "Aragón"]
[Date "2008.02.23"]
[Round "4.9"]
[White "Garza Marco Sergio"]
[Black "Ramon Perez Jose Luis"]
[Result "1-0"]
[WhiteElo "2373"]
[BlackElo "2327"]

1.d4 Nf6 2.c4 c5 3.d5 b5 4.Nd2 bxc4 5.e4 c3 6.bxc3 g6 7.Ngf3 Bg7 8.Rb1 O-O 9.
c4 d6 10.Bd3 Bg4 11.O-O Nbd7 12.Qc2 Rb8 13.Rxb8 Qxb8 14.h3 Bxf3 15.Nxf3 Qc7
16.Bd2 Rb8 17.Rb1 Ne8 18.Rb5 Bd4 19.Qb3 Nef6 20.Bc2 Rxb5 21.Qxb5 Ne5 22.Nxe5
dxe5 23.Bh6 Qb6 24.Qc6 Qd8 25.Qb7 Ne8 26.Qxa7 Nd6 27.Bd3 f5 28.exf5 gxf5 29.
Bg5 Kf7 30.Be2 Bxf2+ 31.Kxf2 Ne4+ 32.Kg1 Nxg5 33.Qxc5 Qb8 34.Bh5+ Kf8 35.Qb5
Qa7+ 36.c5 Kg7 37.Kh2 f4 38.Qb2 Qc7 39.Qb6 Qd7 40.c6 Qd6 41.Qb7 e4 42.Qd7 Qa3
43.Qg4 Kh6 44.c7 Qxa2 45.Qh4 f3 46.Be8+ Kg7 47.Qxg5+ Kf8 48.c8=Q 1-0

[Event "Campeonato de Aragón por Equipos 2008 "]
[Site "Aragón"]
[Date "2008.02.23"]
[Round "4.10"]
[White "Mimbela Lopez Miguel Angel"]
[Black "Llanes Luno Ricardo"]
[Result "1-0"]
[WhiteElo "2217"]
[BlackElo "2233"]

1.e4 c5 2.Nf3 e6 3.d4 cxd4 4.Nxd4 a6 5.g3 Nf6 6.Bg2 Qc7 7.O-O Nc6 8.Nc3 Be7 9.
Be3 Ne5 10.h3 d6 11.f4 Nc4 12.Bc1 O-O 13.Qd3 e5 14.Nf5 Bxf5 15.exf5 Nxb2 16.
Bxb2 Qb6+ 17.Kh2 Qxb2 18.Rab1 Qa3 19.Bxb7 e4 20.Nxe4 Qxd3 21.cxd3 Ra7 22.Rf2
Rd8 23.Rc2 Nxe4 24.dxe4 g5 25.Bd5 h6 26.Kg2 a5 27.a4 Kg7 28.Rb5 h5 29.Kf3 h4
30.gxh4 gxf4 31.Kxf4 Bxh4 32.Rb7 Rxb7 33.Bxb7 Rd7 34.Bc8 Ra7 35.Rc6 Be7 36.Ke3
Kf6 37.Kd4 Kg5 38.Kd5 Ra8 39.Rc7 Kf6 40.h4 Rb8 41.Rc6 Kg7 42.h5 Rb2 43.Ra6
Rd2+ 44.Kc6 Rd4 45.Rxa5 Rxe4 46.Ra8 Rc4+ 47.Kd5 Rc5+ 48.Ke4 Bd8 49.Bb7 Bc7 50.
Bd5 Ra5 51.h6+ Kxh6 52.Rxa5 Bxa5 53.Bxf7 Kg7 54.Be6 Kf6 55.Kd5 Ke7 56.Kc6 Bc3
57.Kb5 Kd8 58.a5 Kc7 59.a6 Bd4 60.Kc4 Be5 61.Bd5 Kb6 62.Bb7 Bg7 63.Kd5 Bf8 64.
f6 Kc7 65.Ke6 Kb6 66.Bc8 Ka7 67.Kd5 Kb6 68.Bb7 Kc7 69.Bc6 Kb6 70.Bb5 1-0

[Event "Campeonato de Aragón por Equipos 2008 "]
[Site "Aragón"]
[Date "2008.02.23"]
[Round "4.11"]
[White "Campo Millan Diego"]
[Black "Sanchez Herrera Miguel"]
[Result "1-0"]
[WhiteElo "2089"]
[BlackElo "2200"]

1.e4 c5 2.Nc3 d6 3.g3 g6 4.Bg2 Bg7 5.f4 e5 6.d3 Ne7 7.Nf3 O-O 8.Be3 Nbc6 9.
fxe5 Nxe5 10.Nxe5 Bxe5 11.Bh6 Re8 12.O-O Be6 13.Qf3 Qd7 14.Kh1 f5 15.Rae1 Rab8
16.exf5 Nxf5 17.Rxe5 Nxh6 18.Ree1 Rf8 19.Qe4 Bf5 20.Qh4 Qg7 21.Nd5 Ng4 22.Re7
Rf7 23.Rxf7 Qxf7 24.h3 h5 25.hxg4 hxg4 26.Ne7+ Kg7 27.Nxf5+ gxf5 28.Qg5+ Qg6
29.Rxf5 Re8 30.Be4 Re6 31.Rf7+ Kxf7 32.Bxg6+ Rxg6 33.Qf5+ 1-0

[Event "Campeonato de Aragón por Equipos 2008 "]
[Site "Aragón"]
[Date "2008.02.23"]
[Round "4.12"]
[White "Lana Rodriguez David"]
[Black "Roche Simon Miguel Angel"]
[Result "1-0"]
[WhiteElo "2177"]
[BlackElo "2087"]

1.e4 c5 2.Nf3 e6 3.b3 a6 4.Bb2 Nc6 5.a4 Nf6 6.e5 Ng4 7.h3 Nh6 8.Nc3 Be7 9.Ne4
Nf5 10.g4 Nfd4 11.Bd3 d5 12.exd6 Bxd6 13.Nxd4 Nxd4 14.b4 b6 15.Bxd4 cxd4 16.b5
O-O 17.g5 Be5 18.f4 f5 19.fxe5 fxe4 20.Bxe4 Qxg5 21.Qe2 Qg3+ 22.Kd1 Ra7 23.Rb1
axb5 24.Qxb5 Bb7 25.Bxb7 Rxb7 26.Re1 Rbf7 27.Qc4 Qxh3 28.Rxb6 Qf3+ 29.Kc1 Qg3
30.Rd1 Rf4 31.Qxe6+ Kh8 32.Qb3 Qg4 33.e6 h6 34.e7 Re8 35.Rb8 Qd7 36.Rxe8+ Qxe8
37.Qe6 d3 38.c4 Rf6 39.Qe4 Ra6 40.Rf1 Rf6 41.Re1 Rf7 42.a5 Rf6 43.Qxd3 Kg8 44.
Qd5+ Kh7 45.Qd3+ g6 46.Qd4 Ra6 47.Qd5 Ra8 48.Qxa8 1-0

[Event "Campeonato de Aragón por Equipos 2008 "]
[Site "Aragón"]
[Date "2008.02.23"]
[Round "4.13"]
[White "Cebrian Valverde Jose Antonio"]
[Black "Del Rey Diego"]
[Result "1-0"]
[WhiteElo "2206"]
[BlackElo "2382"]

1.d4 Nf6 2.c4 c5 3.e3 g6 4.dxc5 Na6 5.Nf3 Bg7 6.Nbd2 Nxc5 7.b4 Nce4 8.Bb2 Nxf2
9.Kxf2 Ng4+ 10.Kg3 Qc7+ 11.Kxg4 d5+ 12.Kh4 Bxb2 13.g4 h5 14.g5 f6 15.Bd3 O-O
16.Rg1 Bg4 17.Rxg4 hxg4 18.Kxg4 Bxa1 19.Qxa1 e5 20.Bxg6 Qg7 21.Nh4 Kh8 22.gxf6
Qxf6 23.Ndf3 d4 24.exd4 e4 25.Ng5 Rg8 26.Kh5 e3 27.Ne4 Qg7 28.Qc3 e2 29.Qe3
Raf8 30.Qxe2 Qxd4 31.Qd2 Qxd2 32.Nxd2 Rf2 33.Nhf3 Rg2 34.Bf5 Kg7 35.Bg4 Rd8
36.Ne4 Rxa2 37.Kg5 a5 38.bxa5 Rxa5+ 39.Bf5 b6 40.h4 Ra2 41.h5 Rg2+ 42.Bg4 Kh8
43.Ne5 Rd4 44.Nf6 Kg7 45.h6+ Kf8 46.Ng6+ Kf7 47.h7 Rd8 48.h8=Q Rxh8 49.Nxh8+
Ke7 50.Ng6+ Kd6 51.Nf4 Rg1 52.Kf5 Kc5 53.Be2 Rb1 54.Ke5 Kc6 55.Kd4 b5 56.Bf3+
Kb6 57.c5+ Ka7 58.N6d5 Rc1 59.Be2 Rb1 60.Bd3 Rd1 61.c6 b4 62.Nxb4 Kb8 63.Nfd5
Rc1 64.Bc4 1-0

[Event "Campeonato de Aragón por Equipos 2008 "]
[Site "Aragón"]
[Date "2008.02.23"]
[Round "4.14"]
[White "Fernandez Lopez Felix"]
[Black "Gimeno Oteo Marco Antonio"]
[Result "1/2-1/2"]
[WhiteElo "2316"]
[BlackElo "2162"]

1.c4 Nf6 2.g3 g6 3.Bg2 Bg7 4.Nc3 O-O 5.d4 d6 6.Nf3 Nc6 7.O-O a6 8.d5 Na5 9.b3
c5 10.dxc6 Nxc6 11.Bb2 Rb8 12.Nd5 Nxd5 13.Bxg7 Ne3 14.Qc1 Kxg7 15.Qxe3 Qa5 16.
Rfd1 Be6 17.Ng5 Qe5 18.Qxe5+ Nxe5 19.Nxe6+ fxe6 20.Bh3 Rf6 21.f4 Nc6 22.Rac1
e5 23.fxe5 Nxe5 24.c5 Nc6 25.Bg2 dxc5 26.Rxc5 Rd6 27.Rxd6 exd6 28.Rc4 Rc8 29.
Bd5 Kf6 30.Kf2 Ke5 31.e4 g5 32.Ke3 h5 33.Rc2 Rc7 34.b4 h4 35.a4 hxg3 36.hxg3
Rh7 37.Bxc6 bxc6 38.Rxc6 Rb7 39.Rxa6 Rxb4 40.Ra5+ Kf6 41.Rd5 Rxa4 42.Rxd6+ Ke5
43.Rd5+ Kf6 44.Kf3 Rb4 45.Ra5 Rc4 46.Ra6+ Kf7 47.Kg4 Rxe4+ 48.Kxg5 Kg7 49.Ra7+
Kg8 1/2-1/2

[Event "Campeonato de Aragón por Equipos 2008 "]
[Site "Aragón"]
[Date "2008.02.23"]
[Round "4.15"]
[White "Gutierrez Minguenza Ruben"]
[Black "Chueca Forcen Alberto"]
[Result "0-1"]
[WhiteElo "2092"]
[BlackElo "2283"]

1.d4 d5 2.Nf3 Nc6 3.g3 Bf5 4.Bg2 Nf6 5.O-O e6 6.b3 Nb4 7.Na3 c5 8.c3 Nc6 9.Bb2
cxd4 10.cxd4 Qa5 11.Nc2 Be7 12.Nce1 Rc8 13.a3 O-O 14.Nd3 Qb5 15.Nfe5 Nxe5 16.
dxe5 Nd7 17.Bd4 Bxd3 18.Qxd3 Qxd3 19.exd3 Nc5 20.Rab1 Nxd3 21.Rfd1 Nc5 22.b4
Na4 23.Rdc1 Nb6 24.Bf1 Nc4 25.Bxc4 Rxc4 26.Rxc4 dxc4 27.Bxa7 Ra8 28.Bc5 Bxc5
29.bxc5 c3 30.Rb3 c2 31.Rc3 g5 32.Rxc2 Rxa3 33.Kg2 Kg7 34.Rc4 Kg6 35.g4 Rb3
36.h3 h6 37.Rc2 Rd3 38.Rb2 Rd5 39.Rxb7 Rxc5 40.Rb8 Rxe5 41.Rg8+ Kh7 42.Rf8 Kg7
43.Ra8 Rb5 44.Ra3 Rb8 45.Kg3 Rb1 46.Rf3 Ra1 47.Kg2 Kg6 48.Re3 h5 49.gxh5+ Kxh5
50.Rf3 f5 51.Re3 Ra6 52.Rb3 Kg6 53.Rb8 Ra3 54.Rg8+ Kf6 55.Rf8+ Kg7 56.Re8 Kf7
57.Rh8 Kg7 58.Re8 Kf6 59.Rf8+ Ke5 60.Rg8 Kf4 61.Rb8 e5 62.Rb2 e4 63.Rb8 Ra2
64.Re8 Re2 65.Ra8 e3 66.Ra4+ Ke5 67.Kf3 Rxf2+ 68.Kxe3 Rh2 69.Ra5+ Kf6 70.Ra6+
Kg7 71.Kd4 Rxh3 72.Ke5 Rf3 73.Ra7+ Kg6 74.Ra6+ Kh5 75.Ra8 Kg4 0-1

[Event "Campeonato de Aragón por Equipos 2008 "]
[Site "Aragón"]
[Date "2008.02.23"]
[Round "4.16"]
[White "Hernando Garcia Antonio"]
[Black "Palomar Ramon Santiago"]
[Result "1-0"]
[WhiteElo "2212"]
[BlackElo "2010"]

1.c4 Nf6 2.Nf3 e6 3.Nc3 d5 4.cxd5 Nxd5 5.d4 c5 6.g3 Nc6 7.Bg2 cxd4 8.Nxd4 Bb4
9.Nxc6 bxc6 10.Bd2 O-O 11.Nxd5 Bxd2+ 12.Qxd2 cxd5 13.O-O Qb6 14.e3 Ba6 15.Rfc1
Rfc8 16.Rxc8+ Rxc8 17.Rc1 Rc5 18.Bf1 Bxf1 19.Kxf1 h6 20.Rxc5 Qxc5 21.Qc3 Qb5+
22.Ke1 Qa4 23.a3 Qe4 24.h4 e5 25.Kd2 Qf3 26.Qxe5 Qxf2+ 27.Kc3 Qe2 28.Qb8+ Kh7
29.Qxa7 Qe1+ 30.Kb3 Qxg3 31.Qd4 g5 32.hxg5 hxg5 33.a4 f5 34.Ka2 f4 35.exf4
gxf4 36.a5 f3 37.a6 f2 38.a7 f1=Q 39.a8=Q Qgd3 40.Qb7+ Kg6 41.Qbg7+ 1-0

[Event "Campeonato de Aragón por Equipos 2008 "]
[Site "Aragón"]
[Date "2008.02.23"]
[Round "4.17"]
[White "Villuendas Valero Adrian"]
[Black "Lorenzini Martin"]
[Result "0-1"]
[WhiteElo "2239"]
[BlackElo "2448"]

1.d4 d5 2.c4 c6 3.Nf3 Nf6 4.Nc3 g6 5.e3 Bg7 6.Bd3 O-O 7.O-O Bg4 8.h3 Bxf3 9.
Qxf3 e6 10.b3 Nbd7 11.Bb2 Qe7 12.Qe2 dxc4 13.Bxc4 e5 14.d5 e4 15.dxc6 bxc6 16.
Qc2 Rfe8 17.Rfd1 h5 18.Ne2 Ne5 19.Bd4 h4 20.Bc5 Qb7 21.Rac1 Rad8 22.Rxd8 Rxd8
23.Nd4 Qc7 24.Be2 Re8 25.b4 a5 26.b5 cxb5 27.Nxb5 Qc6 28.Qd2 Nd3 29.Bxd3 exd3
30.Nd4 Qd5 31.Qxd3 Qxa2 32.Qb1 Qxb1 33.Rxb1 Ne4 34.Bb6 Ra8 35.Nb5 Nd2 36.Rd1
Nc4 37.Bd4 a4 38.Bxg7 Kxg7 39.Rd4 a3 40.Nc3 Rc8 41.Na2 g5 42.Rd3 Kf6 43.Rc3
Ke5 44.Nb4 Kd6 45.f4 Kc5 46.Nc2 a2 47.fxg5 Rb8 48.Kh2 Rb1 49.Na3 Rh1+ 0-1

[Event "Campeonato de Aragón por Equipos 2008 "]
[Site "Aragón"]
[Date "2008.02.23"]
[Round "4.18"]
[White "Martinez Asensio Juan"]
[Black "Gimenez Martinez Alberto"]
[Result "1-0"]
[WhiteElo "2171"]
[BlackElo "2097"]

1.d4 Nf6 2.c4 c5 3.d5 e6 4.Nc3 exd5 5.cxd5 d6 6.Nf3 g6 7.Bf4 Bg7 8.Qa4+ Bd7 9.
Qb3 Qc7 10.e4 O-O 11.Nd2 Re8 12.Be2 a6 13.a4 Bg4 14.f3 Nh5 15.Be3 Bc8 16.g4
Nf6 17.Nc4 Nfd7 18.a5 f5 19.gxf5 gxf5 20.Rg1 Kh8 21.Rxg7 Kxg7 22.O-O-O Ne5 23.
Nb6 Ra7 24.f4 Ng6 25.e5 dxe5 26.fxe5 Rxe5 27.d6 Qf7 28.Qxf7+ Kxf7 29.Nxc8 Rxe3
30.Nxa7 Ke6 31.d7 Nxd7 32.Bc4+ 1-0

[Event "Campeonato de Aragón por Equipos 2008 "]
[Site "Aragón"]
[Date "2008.02.23"]
[Round "4.20"]
[White "Gomez Calomarde Saul"]
[Black "Labena Bernal Antonio"]
[Result "0-1"]
[WhiteElo "1932"]
[BlackElo "1994"]

1.d4 d5 2.Bf4 Nf6 3.Nf3 e6 4.e3 c5 5.c3 Nc6 6.Bd3 Bd6 7.Bg3 O-O 8.Nbd2 Qe7 9.
Ne5 Qc7 10.f4 c4 11.Bc2 Ne7 12.Bh4 Ne8 13.Nef3 f6 14.O-O b5 15.a3 a5 16.Qe2
Bd7 17.h3 Rb8 18.Bg3 Nc6 19.e4 Be7 20.Bh2 Rb7 21.Rae1 Qd8 22.exd5 exd5 23.Nh4
f5 24.Nhf3 Nd6 25.Ne5 Ne4 26.Ndf3 b4 27.axb4 axb4 28.Nxc6 Bxc6 29.Ne5 Be8 30.
Bxe4 fxe4 31.Qg4 Bd7 32.Qe2 Bf6 33.Ra1 Qb6 34.Kh1 Rfb8 35.g4 Qd8 36.g5 Bxe5
37.dxe5 bxc3 38.bxc3 Bxh3 39.Rg1 Rb2 40.Qe3 Bf5 41.Rad1 Qb6 42.Qxb6 R8xb6 {El resto ilegible.}
0-1

[Event "Campeonato de Aragón por Equipos 2008 "]
[Site "Aragón"]
[Date "2008.02.23"]
[Round "4.21"]
[White "Laliena Solares Luis"]
[Black "Portero Garnica Miguel Angel"]
[Result "1/2-1/2"]
[WhiteElo "2201"]
[BlackElo "2181"]

1.c4 {299MB, Eco2007.ctg, ASUS X51R
} 1...Nf6 2.g3 e6 3.Bg2 d5 4.d4 Be7 5.Nf3 O-O 6.O-O b6 7.Nc3 Bb7 8.Ne5 c6 9.
Qa4 Nfd7 10.Rd1 Nxe5 11.dxe5 Qc7 12.cxd5 exd5 13.e4 d4 14.Rxd4 b5 15.Qd1 Qxe5
16.Bf4 Qe6 17.e5 a6 18.Qh5 Ra7 19.Be3 c5 20.Rd5 g6 21.Qh6 b4 22.Ne4 Bxd5 23.
Nf6+ Bxf6 24.exf6 Qxf6 25.Bxc5 Rd8 26.Bxa7 Bxg2 27.Kxg2 Nc6 28.Be3 Qxb2 29.Rc1
Qxa2 30.Qg5 f6 31.Qxf6 Qd5+ 32.f3 Rd6 33.Qf4 a5 34.Rc5 Qa2+ 35.Kh3 Qe6+ 36.Kg2
Qa2+ 37.Bf2 Qe6 38.Be3 1/2-1/2

[Event "Campeonato de Aragón por Equipos 2008 "]
[Site "Aragón"]
[Date "2008.02.23"]
[Round "4.22"]
[White "Jario Garcia Ricardo Javier"]
[Black "Cobo Garrido Diego Israel"]
[Result "1/2-1/2"]
[WhiteElo "2150"]
[BlackElo "1989"]

1.e4 c5 2.c3 Nf6 3.e5 Nd5 4.Bc4 Nb6 5.Bb3 e6 6.Nf3 d6 7.exd6 Nc6 8.O-O Bxd6 9.
d4 cxd4 10.cxd4 O-O 11.Nc3 Nb4 12.Bg5 Be7 13.Bxe7 Qxe7 14.Re1 Qf6 15.Ne4 Qf4
16.Qe2 Bd7 17.a3 N4d5 18.Ne5 Ba4 19.Bxa4 Nxa4 20.Qb5 Nab6 21.g3 Qh6 22.Nd6 Nc7
23.Qa5 Rad8 24.Ndxf7 Rxf7 25.Nxf7 Kxf7 26.Qxa7 Nbd5 27.Qxb7 Rd7 28.Re2 Qh5 29.
Rae1 Re7 30.a4 Qf3 31.Re3 Qg4 32.Re4 Qf5 33.a5 Nf6 34.Re5 Qd3 35.Qb6 Qa6 36.
Rxe6 Rxe6 37.Rxe6 Qd3 38.Re1 Nfd5 39.Qd6 Qd2 40.Qe5 g6 41.Qe2 Qxa5 42.Rc1 Qb6
43.Qd2 Ne6 44.Re1 Qb3 45.Qe2 Ndc7 46.Qe3 Qd5 47.Qe4 1/2-1/2